Statistical Physics (Record no. 60233)
[ view plain ]
| 000 -LEADER | |
|---|---|
| fixed length control field | 00438nam a22001817a 4500 |
| 005 - DATE & TIME | |
| control field | 20260204153430.0 |
| 008 - FIXED-LENGTH DATA ELEMENTS--GENERAL INFORMATION | |
| fixed length control field | 260204b |||||||| |||| 00| 0 eng d |
| 020 ## - ISBN | |
| International Standard Book Number | 9781804892947 |
| Price | 4995.00 |
| 040 ## - CATALOGING SOURCE | |
| Original cataloging agency | Doon University |
| 041 ## - Language | |
| Language | English |
| 082 ## - DDC NUMBER | |
| Classification number | 530.13 |
| Book Number | RIV |
| 100 ## - MAIN ENTRY--PERSONAL NAME | |
| Personal name | Rivers, Selene |
| 245 ## - TITLE STATEMENT | |
| Title | Statistical Physics |
| 260 ## - PUBLICATION, DISTRIBUTION, ETC. (IMPRINT) | |
| Place of publication, distribution, etc | United Kingdom |
| Name of publisher, distributor, etc | Brilliance |
| Date of publication, distribution, etc | 2025 |
| 300 ## - PHYSICAL DESCRIPTION | |
| Pages | 280 |
| 650 ## - Subject | |
| Subject | Physics |
| 942 ## - ADDED ENTRY ELEMENTS (KOHA) | |
| Koha item type | Books |
| 100 ## - MAIN ENTRY--PERSONAL NAME | |
| -- | 26196 |
| 952 ## - LOCATION AND ITEM INFORMATION (KOHA) | |
| -- | 2026-02-04 |
| 952 ## - LOCATION AND ITEM INFORMATION (KOHA) | |
| -- | 2026-02-04 |
| 952 ## - LOCATION AND ITEM INFORMATION (KOHA) | |
| -- | 2026-02-04 |
| Withdrawn status | Lost status | Source of classification or shelving scheme | Damaged status | Not for loan | Location (home branch) | Sublocation or collection (holding branch) | Date acquired | Koha issues (times borrowed) | Koha full call number | Accession No. | Koha date last seen | Koha item type |
|---|---|---|---|---|---|---|---|---|---|---|---|---|
| Doon University | Doon University | 04.02.2026 | 530.13 RIV | 52107 | 04.02.2026 | Books | ||||||
| Doon University | Doon University | 04.02.2026 | 530.13 RIV | 52108 | 04.02.2026 | Books | ||||||
| Doon University | Doon University | 04.02.2026 | 530.13 RIV | 52109 | 04.02.2026 | Books |